[Event "Nizami Ganjavi 880 years U17"]
[Site "Tornelo INT"]
[Date "2021.04.04"]
[Round "9.7"]
[White "Krupnova, Anna"]
[Black "Ter Avetisjana, Agnesa Stepania"]
[Result "0-1"]
[WhiteElo "1641"]
[BlackElo "1766"]
[PlyCount "86"]
[EventDate "2021.04.02"]
[EventType "team-swiss (blitz)"]
[EventRounds "9"]
[EventCountry "AZE"]
[SourceTitle "EXT 2023"]
[Source "ChessBase"]
[SourceDate "2022.10.05"]
[SourceVersion "1"]
[SourceVersionDate "2022.10.05"]
[SourceQuality "1"]
[WhiteTeam "Czech Republic"]
[BlackTeam "Latvia"]
[WhiteTeamCountry "CZE"]
[BlackTeamCountry "LAT"]

1. d4 d5 2. c4 c6 3. cxd5 cxd5 4. Nc3 Nf6 5. Bf4 a6 6. Rc1 Nc6 7. e3 e6 8. Nf3 Be7 9. Bd3 0-0 10. 0-0 Nh5 11. Be5 f6 12. Bg3 Nxg3 13. hxg3 e5 14. Nxd5 Be6 15. Nxe7+ Qxe7 16. Qc2 g6 17. dxe5 Nb4 18. exf6 Qd6 19. Qd2 Rad8 20. Nd4 Bxa2 21. Bc4+ Bxc4 22. Rxc4 Nc6 23. Qc3 Ne5 24. Rc7 Qxf6 25. Qb3+ Rf7 26. Qxb7 Rdf8 27. Qd5 Kh8 28. Rxf7 Rxf7 29. Qa8+ Kg7 30. Qd5 Re7 31. Rc1 Ng4 32. Rc2 Rf7 33. Ne6+ Kh6 34. Nf4 Re7 35. Rc6 Qxb2 36. Qd1 Qe5 37. Nd3 Qh5 38. Kf1 Rxe3 39. fxe3 Nxe3+ 40. Ke1 Qxd1+ 41. Kf2 Qxd3 42. Re6 Ng4+ 43. Kg1 Qd1+ 0-1

[Event "Nizami Ganjavi 880 years U17"]
[Site "Tornelo INT"]
[Date "2021.04.04"]
[Round "7.9"]
[White "Sinitsina, Anastassia"]
[Black "Krupnova, Anna"]
[Result "0-1"]
[WhiteElo "2127"]
[BlackElo "1641"]
[PlyCount "92"]
[EventDate "2021.04.02"]
[EventType "team-swiss (blitz)"]
[EventRounds "9"]
[EventCountry "AZE"]
[SourceTitle "EXT 2023"]
[Source "ChessBase"]
[SourceDate "2022.10.05"]
[SourceVersion "1"]
[SourceVersionDate "2022.10.05"]
[SourceQuality "1"]
[WhiteTeam "Estonia"]
[BlackTeam "Czech Republic"]
[WhiteTeamCountry "EST"]
[BlackTeamCountry "CZE"]

1. Nf3 Nf6 2. g3 e6 3. Bg2 d5 4. 0-0 b5 5. d4 Bb7 6. a4 b4 7. c3 bxc3 8. bxc3 Nbd7 9. Ba3 c5 10. Nbd2 Be7 11. c4 0-0 12. Re1 Ne4 13. cxd5 exd5 14. e3 Rc8 15. dxc5 Ndxc5 16. Bxc5 Bxc5 17. Qb3 Qe7 18. Nxe4 dxe4 19. Nd2 Bb4 20. Red1 a5 21. Nc4 Rfd8 22. Rxd8+ Rxd8 23. Rd1 Bd5 24. Bf1 h6 25. Qc2 Qe6 26. Nd2 Rc8 27. Qb1 Qe5 28. Bb5 Rc7 29. Nb3 Rc3 30. Nd4 Qf6 31. Rc1 g6 32. Rxc3 Bxc3 33. Ne2 Bb4 34. Qc2 Qf3 35. Nd4 Qh5 36. Be2 Qh3 37. Bf1 Qg4 38. h3 Qd7 39. Kh2 Kg7 40. Bb5 Qd6 41. Qb2 Kh7 42. Qc1 h5 43. h4 Be6 44. Qc2 Qe5 45. Qc6 Bg4 46. Qc5 Bxc5 0-1

[Event "Nizami Ganjavi 880 years U17"]
[Site "Tornelo INT"]
[Date "2021.04.02"]
[Round "3.9"]
[White "Caballero, Alonso Alexa"]
[Black "Krupnova, Anna"]
[Result "1-0"]
[WhiteElo "1540"]
[BlackElo "1641"]
[PlyCount "89"]
[EventDate "2021.04.02"]
[EventType "team-swiss (blitz)"]
[EventRounds "9"]
[EventCountry "AZE"]
[SourceTitle "EXT 2023"]
[Source "ChessBase"]
[SourceDate "2022.10.05"]
[SourceVersion "1"]
[SourceVersionDate "2022.10.05"]
[SourceQuality "1"]
[WhiteTeam "Mexico"]
[BlackTeam "Czech Republic"]
[WhiteTeamCountry "MEX"]
[BlackTeamCountry "CZE"]

1. e4 c5 2. Nf3 d6 3. d4 cxd4 4. Nxd4 Nf6 5. Nc3 a6 6. Bg5 Nbd7 7. f4 Qc7 8. Qf3 h6 9. Bh4 g5 10. fxg5 hxg5 11. Bxg5 Qc5 12. Nf5 e6 13. Be3 Qb4 14. 0-0-0 exf5 15. Qxf5 Rh5 16. Qf3 Be7 17. g4 Ne5 18. Qg3 Bxg4 19. Rd4 Qa5 20. Bg2 0-0-0 21. Bd2 Qc5 22. Be3 Qc7 23. Rd2 Rg8 24. Qf2 Nc4 25. Rd4 Nxe3 26. Qxe3 Nd7 27. Nd5 Qd8 28. Qb3 Nc5 29. Rc4 Kb8 30. Qb4 a5 31. Qc3 Be6 32. Bf3 Bxd5 33. exd5 Re5 34. Rxc5 Bf6 35. Rxa5 Rxd5 36. Qb3 Qxa5 37. Bxd5 b6 38. Rf1 Bg5+ 39. Kb1 Re8 40. a3 Re1+ 41. Rxe1 Qxe1+ 42. Ka2 Qf2 43. Bxf7 Kc7 44. h3 Qf4 45. c3 1-0

[Event "Moscow-ch final (Women)"]
[Site "Moscow"]
[Date "2019.04.04"]
[Round "6"]
[White "Zakharova, Evgenia"]
[Black "Krupnova, Anna"]
[Result "1/2-1/2"]
[WhiteElo "1892"]
[BlackElo "1729"]
[PlyCount "152"]
[EventDate "2019.03.30"]
[EventType "swiss"]
[EventRounds "9"]
[EventCountry "RUS"]
[SourceTitle "CBM 189 Extra"]
[Source "ChessBase"]
[SourceDate "2019.06.03"]
[SourceVersion "1"]
[SourceVersionDate "2019.06.03"]
[SourceQuality "1"]

1. d4 Nf6 2. c4 e6 3. Nf3 Bb4+ 4. Bd2 a5 5. a3 Bxd2+ 6. Qxd2 b6 7. e3 Bb7 8. Be2 0-0 9. 0-0 Ne4 10. Qc2 d6 11. Nfd2 f5 12. f3 Nxd2 13. Nxd2 Qg5 14. Qc3 Nd7 15. b4 axb4 16. axb4 c5 17. bxc5 bxc5 18. Rfb1 Rxa1 19. Rxa1 Qf6 20. f4 cxd4 21. exd4 Nc5 22. Qe3 Ne4 23. Nf3 h6 24. Rc1 Ra8 25. c5 dxc5 26. dxc5 Qb2 27. Re1 Ra2 28. Nd4 Ra1 29. Nc2 Rb1 30. Bd3 Rxe1+ 31. Nxe1 Qc3 32. Qe2 Qxc5+ 33. Kf1 Bd5 34. Qc2 Qxc2 35. Nxc2 Kf7 36. Nd4 Bc4 37. Ke2 Nc3+ 38. Kd2 Bxd3 39. Kxd3 Nd5 40. g3 Kf6 41. h4 e5 42. fxe5+ Kxe5 43. Nf3+ Kf6 44. Kd4 Ne7 45. Ke3 g5 46. hxg5+ hxg5 47. Kd4 Nc6+ 48. Ke3 Ne5 49. Nd4 Ng4+ 50. Kf3 Ke5 51. Nc6+ Kd5 52. Ne7+ Ke6 53. Nc8 Nf6 54. Nb6 Nd5 55. Nc4 g4+ 56. Kf2 Nc3 57. Ke3 Nd5+ 58. Kf2 Nf6 59. Ke3 Nh5 60. Kf2 Kd5 61. Ne3+ Ke4 62. Ng2 Ke5 63. Nh4 Nf6 64. Ng6+ Ke4 65. Nh4 Nd5 66. Ng2 Nc3 67. Ne3 Nd5 68. Ng2 f4 69. gxf4 Nxf4 70. Nxf4 Kxf4 71. Kg2 g3 72. Kg1 Kg5 73. Kg2 Kg4 74. Kg1 Kf3 75. Kf1 g2+ 76. Kg1 Kg3 1/2-1/2

[Event "Wch U12 Girls rapid"]
[Site "Minsk"]
[Date "2018.06.22"]
[Round "3"]
[White "Krupnova, Anna"]
[Black "Thai, Ngoc Tuong Minh"]
[Result "1-0"]
[WhiteElo "1602"]
[BlackElo "1345"]
[PlyCount "123"]
[EventDate "2018.06.22"]
[EventType "swiss (rapid)"]
[EventRounds "9"]
[EventCountry "BLR"]
[SourceTitle "EXT 2019"]
[Source "ChessBase"]
[SourceDate "2018.10.10"]
[SourceVersion "1"]
[SourceVersionDate "2018.10.10"]
[SourceQuality "1"]

1. d4 d5 2. Nf3 Nf6 3. g3 c5 4. Bg2 Bf5 5. 0-0 Nc6 6. c4 e6 7. Nc3 dxc4 8. Qa4 Qd7 9. dxc5 Nd5 10. Qxc4 Nxc3 11. Qxc3 0-0-0 12. Bf4 f6 13. b4 e5 14. Be3 e4 15. Nd2 Qd5 16. a4 Nd4 17. Rfe1 Kb8 18. Rad1 Ne6 19. h3 Nd4 20. Bxd4 Qxd4 21. Nxe4 Qxc3 22. Rxd8+ Kc7 23. Nxc3 Kxd8 24. Rd1+ Kc7 25. e4 Be6 26. Nd5+ Kc6 27. f4 f5 28. exf5 Bxf5 29. Ne7+ Kc7 30. Nxf5 g6 31. Nd6 Bg7 32. Bxb7 Bc3 33. Nb5+ Kxb7 34. Nxc3 a5 35. b5 Re8 36. Kf2 Re7 37. Rd6 Rc7 38. c6+ Kc8 39. Nd5 Rf7 40. Nb6+ Kb8 41. Rd7 Rxd7 42. Nxd7+ Kc7 43. Ke3 Kc8 44. b6 h6 45. b7+ Kc7 46. b8Q+ Kxc6 47. Ne5+ Kc5 48. Qb5+ Kd6 49. Qc6+ Ke7 50. Nxg6+ Kf7 51. Ne5+ Ke7 52. Qc5+ Ke6 53. f5+ Kxf5 54. Nf3+ Kf6 55. Qe5+ Kg6 56. Nh4+ Kf7 57. Kf4 Kg8 58. Kf5 h5 59. Kg6 Kf8 60. Qd6+ Ke8 61. Qc7 Kf8 62. Qf7# 1-0

[Event "Wch U12 Girls rapid"]
[Site "Minsk"]
[Date "2018.06.22"]
[Round "4"]
[White "Shokirjonova, Barchinoy"]
[Black "Krupnova, Anna"]
[Result "1/2-1/2"]
[WhiteElo "1274"]
[BlackElo "1602"]
[PlyCount "87"]
[EventDate "2018.06.22"]
[EventType "swiss (rapid)"]
[EventRounds "9"]
[EventCountry "BLR"]
[SourceTitle "EXT 2019"]
[Source "ChessBase"]
[SourceDate "2018.10.10"]
[SourceVersion "1"]
[SourceVersionDate "2018.10.10"]
[SourceQuality "1"]

1. d4 Nf6 2. c4 e6 3. Nf3 Bb4+ 4. Nc3 0-0 5. e3 d6 6. Bd3 Qe7 7. 0-0 Bxc3 8. bxc3 e5 9. Nd2 Nbd7 10. e4 Re8 11. f3 b6 12. Ba3 Bb7 13. Qe2 Rad8 14. Rae1 c5 15. d5 Nf8 16. f4 exf4 17. Rxf4 Ng6 18. Rff1 Ne5 19. Nf3 Nfd7 20. Nxe5 Nxe5 21. Bc1 Bc8 22. h3 Bd7 23. Bf4 Rf8 24. Qe3 Rde8 25. Qg3 f6 26. Re3 Kh8 27. Ree1 Kg8 28. Kh1 Kh8 29. Qe3 Rf7 30. Qg3 Rff8 31. Qe3 Rg8 32. Qg3 Rgf8 33. Qe3 Rg8 34. Rf2 Ng6 35. Bh2 Ne5 36. Kg1 Rgf8 37. Bf4 Ng6 38. Qg3 Ne5 39. Rfe2 Rg8 40. Rf2 Rgf8 41. Bxe5 Qxe5 42. Qxe5 fxe5 43. Ref1 Kg8 44. a3 1/2-1/2

[Event "Moscow op-B (Women) 14th"]
[Site "Moscow"]
[Date "2018.02.04"]
[Round "9"]
[White "Ustich, Ekaterina"]
[Black "Krupnova, Anna"]
[Result "1-0"]
[WhiteElo "2022"]
[BlackElo "1847"]
[PlyCount "79"]
[EventDate "2018.01.27"]
[EventType "swiss"]
[EventRounds "9"]
[EventCountry "RUS"]
[SourceTitle "CBM 182 Extra"]
[Source "ChessBase"]
[SourceDate "2018.02.23"]
[SourceVersion "1"]
[SourceVersionDate "2018.02.23"]
[SourceQuality "1"]

1. e4 c5 2. Nf3 d6 3. d4 cxd4 4. Nxd4 Nf6 5. f3 Nc6 6. c4 e6 7. Nc3 Be7 8. Be3 0-0 9. Qd2 d5 10. cxd5 exd5 11. Nxc6 bxc6 12. exd5 Nxd5 13. Nxd5 cxd5 14. Bd4 Bf6 15. Kf2 Be6 16. Be2 Rb8 17. Rhd1 Qe7 18. a3 Rfc8 19. Rac1 h6 20. b4 Bxd4+ 21. Qxd4 Qd7 22. b5 Qb7 23. a4 Rc7 24. a5 Rbc8 25. a6 Qb8 26. Rxc7 Qxc7 27. g3 Rb8 28. Qe3 Qb6 29. Qxb6 Rxb6 30. Rc1 Bd7 31. Rc5 d4 32. Rd5 Be8 33. Rxd4 Kf8 34. Rd8 Ke7 35. Ra8 Bxb5 36. Rxa7+ Kd6 37. Rb7 Kc6 38. Rxb6+ Kxb6 39. Bxb5 Ka7 40. Ke3 1-0

[Event "Moscow op-B (Women) 14th"]
[Site "Moscow"]
[Date "2018.02.03"]
[Round "8"]
[White "Krupnova, Anna"]
[Black "Tolstykh, Arina"]
[Result "1-0"]
[WhiteElo "1847"]
[BlackElo "1539"]
[PlyCount "43"]
[EventDate "2018.01.27"]
[EventType "swiss"]
[EventRounds "9"]
[EventCountry "RUS"]
[SourceTitle "CBM 182 Extra"]
[Source "ChessBase"]
[SourceDate "2018.02.23"]
[SourceVersion "1"]
[SourceVersionDate "2018.02.23"]
[SourceQuality "1"]

1. c4 c5 2. Nc3 Nc6 3. g3 g6 4. Bg2 Bg7 5. Nf3 e5 6. a3 Nge7 7. b4 cxb4 8. axb4 Nxb4 9. Ba3 Nbc6 10. Ng5 0-0 11. Nge4 Nd4 12. Nd6 Ndf5 13. Nxf5 gxf5 14. Nb5 e4 15. Nd6 Bxa1 16. Qxa1 Qa5 17. g4 Rd8 18. Rg1 fxg4 19. Bxe4 h5 20. Qf6 Rf8 21. Qh6 Ng6 22. Bxg6 1-0

[Event "Moscow op-B (Women) 14th"]
[Site "Moscow"]
[Date "2018.01.28"]
[Round "2"]
[White "Krupnova, Anna"]
[Black "Balaian, Alina"]
[Result "0-1"]
[WhiteElo "1847"]
[BlackElo "2224"]
[PlyCount "64"]
[EventDate "2018.01.27"]
[EventType "swiss"]
[EventRounds "9"]
[EventCountry "RUS"]
[SourceTitle "CBM 182 Extra"]
[Source "ChessBase"]
[SourceDate "2018.02.23"]
[SourceVersion "1"]
[SourceVersionDate "2018.02.23"]
[SourceQuality "1"]

1. e4 e6 2. d4 d5 3. exd5 exd5 4. Nf3 Bd6 5. c4 Nf6 6. Nc3 c6 7. Bg5 dxc4 8. Bxc4 0-0 9. 0-0 Bg4 10. h3 Bh5 11. g4 Bg6 12. Ne5 Qb6 13. Qd2 Ne4 14. Nxe4 Bxe4 15. Be3 Qc7 16. Bf4 Nd7 17. Nd3 Nb6 18. Bb3 Rad8 19. Rfd1 Bf3 20. Re1 Bxf4 21. Nxf4 c5 22. Rac1 Qc6 23. Qa5 Rxd4 24. Rxc5 Qd6 25. Ne6 fxe6 26. Rxe6 Rd1+ 27. Re1+ Rd5 28. Bxd5+ Nxd5 29. Rcc1 Nf4 30. Qc5 Nxh3+ 31. Kf1 Qd3+ 32. Re2 Qxe2# 0-1

[Event "Nebug op"]
[Site "Nebug"]
[Date "2016.03.28"]
[Round "8.3"]
[White "Beshukova, Alina"]
[Black "Krupnova, Anna"]
[Result "1-0"]
[WhiteElo "1733"]
[BlackElo "1591"]
[PlyCount "71"]
[EventDate "2016.03.22"]
[EventType "tourn"]
[EventRounds "9"]
[EventCountry "RUS"]
[SourceTitle "EXT 2022"]
[Source "ChessBase"]
[SourceDate "2021.10.06"]
[SourceVersion "1"]
[SourceVersionDate "2021.10.06"]
[SourceQuality "1"]

1. Nf3 Nf6 2. c4 g6 3. Nc3 d5 4. cxd5 Nxd5 5. e4 Nxc3 6. dxc3 Qxd1+ 7. Kxd1 Bg7 8. Bf4 c6 9. Nd2 0-0 10. Kc2 Nd7 11. Nc4 Nc5 12. f3 Rd8 13. Be3 Ne6 14. b4 b6 15. a4 Ba6 16. Nb2 Bxf1 17. Rhxf1 Rac8 18. a5 c5 19. b5 Nc7 20. c4 Ra8 21. Rfd1 Rxd1 22. Rxd1 Ne6 23. Na4 Bd4 24. Bxd4 Nxd4+ 25. Kb2 Rb8 26. Nc3 Kg7 27. Ra1 bxa5 28. Rxa5 Nc6 29. Ra6 Nb4 30. Rxa7 Nd3+ 31. Kb3 e6 32. Na4 Ne1 33. Nxc5 Kg8 34. Nd7 Rd8 35. b6 Nxg2 36. b7 1-0

[Event "Nebug op"]
[Site "Nebug"]
[Date "2016.03.26"]
[Round "6.2"]
[White "Demchenko, Alisa"]
[Black "Krupnova, Anna"]
[Result "1-0"]
[WhiteElo "1822"]
[BlackElo "1591"]
[PlyCount "67"]
[EventDate "2016.03.22"]
[EventType "tourn"]
[EventRounds "9"]
[EventCountry "RUS"]
[SourceTitle "EXT 2022"]
[Source "ChessBase"]
[SourceDate "2021.10.06"]
[SourceVersion "1"]
[SourceVersionDate "2021.10.06"]
[SourceQuality "1"]

1. d4 Nf6 2. c4 g6 3. Nc3 Bg7 4. Nf3 d5 5. g3 0-0 6. Bg2 c5 7. dxc5 Qa5 8. 0-0 dxc4 9. Qd4 Nfd7 10. Qxc4 Qxc5 11. Qb3 Nc6 12. Be3 Qa5 13. Ne4 Qb4 14. Qxb4 Nxb4 15. Bd4 e5 16. Bc3 Nc6 17. Rfd1 Rd8 18. Nd6 f6 19. Nd2 Nf8 20. Bd5+ Be6 21. Bxe6+ Nxe6 22. Nxb7 Rd7 23. Na5 Ncd4 24. Kf1 Rad8 25. Rdc1 Nb5 26. Ndb3 Nxc3 27. bxc3 Rc7 28. e3 e4 29. c4 Rdc8 30. Rc2 Nc5 31. Rd1 f5 32. Nd4 Kf7 33. Nb5 Re7 34. Nd6+ 1-0

[Event "Nebug op"]
[Site "Nebug"]
[Date "2016.03.23"]
[Round "3.5"]
[White "Belkina, Kristina"]
[Black "Krupnova, Anna"]
[Result "1-0"]
[WhiteElo "1598"]
[BlackElo "1591"]
[PlyCount "45"]
[EventDate "2016.03.22"]
[EventType "tourn"]
[EventRounds "9"]
[EventCountry "RUS"]
[SourceTitle "EXT 2022"]
[Source "ChessBase"]
[SourceDate "2021.10.06"]
[SourceVersion "1"]
[SourceVersionDate "2021.10.06"]
[SourceQuality "1"]

1. e4 c6 2. d4 d5 3. Nc3 a6 4. Be3 Nf6 5. e5 Nfd7 6. Bd3 e6 7. Nh3 h6 8. 0-0 c5 9. f4 Nc6 10. Bf2 cxd4 11. Ne2 Bc5 12. Nc1 0-0 13. a3 b5 14. Qh5 Be7 15. Nb3 b4 16. g4 Qe8 17. Kh1 f5 18. Qxe8 Rxe8 19. gxf5 exf5 20. Bxf5 Nc5 21. Bxc8 Nxb3 22. Be6+ Kh8 23. cxb3 1-0

[Event "Senica op 6th"]
[Site "Senica"]
[Date "2015.08.29"]
[Round "3"]
[White "Krupnova, Anna"]
[Black "Ochmyt, Jakub"]
[Result "0-1"]
[WhiteElo "1494"]
[BlackElo "1641"]
[PlyCount "154"]
[EventDate "2015.08.27"]
[EventType "swiss"]
[EventRounds "7"]
[EventCountry "SVK"]
[SourceTitle "EXT 2016"]
[Source "ChessBase"]
[SourceDate "2015.10.08"]
[SourceVersion "1"]
[SourceVersionDate "2015.10.08"]
[SourceQuality "1"]

1. e4 e6 2. d4 d5 3. Nd2 dxe4 4. Nxe4 Bd7 5. Bd3 Bc6 6. Nf3 Nd7 7. 0-0 Ngf6 8. Nxf6+ Nxf6 9. c3 Bxf3 10. Qxf3 c6 11. Re1 Be7 12. Bg5 0-0 13. Bxf6 Bxf6 14. Qe4 g6 15. Re3 Re8 16. f4 Qb6 17. b4 a5 18. Rb1 Qc7 19. a3 axb4 20. axb4 b6 21. Qf3 c5 22. dxc5 bxc5 23. bxc5 Qxc5 24. Kh1 Reb8 25. Rd1 Ra2 26. c4 Rbb2 27. Re2 Rxe2 28. Bxe2 Ra3 29. Qe4 Re3 30. Qc2 Qc7 31. g3 Qc6+ 32. Kg1 Qc5 33. Kg2 Bd4 34. Bf3 Rc3 35. Qd2 Rxc4 36. Be4 Rb4 37. Rc1 Qb6 38. Rb1 Rxb1 39. Bxb1 Qb7+ 40. Kh3 Qxb1 41. Qxd4 Qf1+ 42. Kh4 Qb5 43. Qe5 Qxe5 44. fxe5 Kg7 45. Kg5 h6+ 46. Kf4 f6 47. h4 g5+ 48. hxg5 fxg5+ 49. Kf3 h5 50. g4 h4 51. Ke4 Kf7 52. Kf3 Ke7 53. Ke4 Kd7 54. Kf3 Kc6 55. Ke4 Kc5 56. Ke3 Kd5 57. Kf3 Kxe5 58. Ke3 h3 59. Kf3 h2 60. Kg2 Kf4 61. Kxh2 Kxg4 62. Kg2 e5 63. Kf2 Kh3 64. Kg1 Kg3 65. Kf1 g4 66. Kg1 Kh3 67. Kh1 g3 68. Kg1 g2 69. Kf2 Kh2 70. Kf3 g1Q 71. Ke4 Qd4+ 72. Kf3 Qf4+ 73. Ke2 e4 74. Ke1 e3 75. Ke2 Qf2+ 76. Kd3 e2 77. Kc4 e1Q 0-1